New chairman for RICS Rural Faculty (Record no. 68852)

MARC details
000 -LEADER
fixed length control field 00643cam a2200181 4500
001 - CONTROL NUMBER
control field WB3743-32
008 - FIXED-LENGTH DATA ELEMENTS--GENERAL INFORMATION
fixed length control field 011114n2001 000 0 eng u
035 ## - SYSTEM CONTROL NUMBER
System control number (Sirsi) u115602
245 ## - TITLE STATEMENT
Title New chairman for RICS Rural Faculty
260 ## - PUBLICATION, DISTRIBUTION, ETC.
Date of publication, distribution, etc. 2001
490 ## - SERIES STATEMENT
Series statement RICS Press Release
Volume/sequential designation (144) 13 November 2001, (1)
520 ## - SUMMARY, ETC.
Summary, etc. Julian Sayers has been elected chairman of the RICS rural faculty. Mr Sayers has been manager for the Lockinge Estate in Oxfordshire since 1995, and has a successful track record of involvement in rural issues.
590 ## - LOCAL NOTE (RLIN)
Local note WB
650 ## - SUBJECT ADDED ENTRY--TOPICAL TERM
Topical term or geographic name entry element Rural
9 (RLIN) 6268
650 ## - SUBJECT ADDED ENTRY--TOPICAL TERM
Topical term or geographic name entry element CHAIRMAN
690 ## - LOCAL SUBJECT ADDED ENTRY--TOPICAL TERM (OCLC, RLIN)
Topical term or geographic name as entry element RICS NEWS
942 ## - ADDED ENTRY ELEMENTS (KOHA)
Suppress in OPAC 0
Holdings
Withdrawn status Lost status Source of classification or shelving scheme Damaged status Not for loan Home library Current library Shelving location Date acquired Total Checkouts Full call number Barcode Date last seen Copy number Price effective from Koha item type
    Dewey Decimal Classification     London London News article 14/11/2001   WB3743-32 115602-1001 06/08/2019 1 06/08/2019 News article